Melbourne Metro Train Lines - Statistics

General Stats
  • This quiz has been taken 490 times
    473 since last reset
  • The average score is 13 of 17
Answer Stats
Hint Answer % Correct
South Eastern Frankston
92%
South Eastern Pakenham
88%
Eastern Lilydale
84%
Western Werribee
84%
South Eastern Cranbourne
82%
Eastern Belgrave
80%
South Eastern Sandringham
80%
Eastern Alamein
77%
Northern Craigieburn
77%
Western Williamstown
77%
Northern Hurstbridge
76%
Western Sunbury
75%
Eastern Glen Waverley
72%
Northern Upfield
72%
Northern South Morang
63%
South Eastern Stony Point
55%
Western Flemington
32%
No matching quizzes found
Score Distribution
Percent of People with Each Score
Percentile by Number Answered
Your Score History
You have not taken this quiz since the last reset